000 00517nam a2200193Ia 4500
005 20260120130128.0
008 008 260114s9999 xx 000 0 eng d
020 _a9780191872006
037 _aEBOOK
040 _aCRL
_beng
_cCRL
041 _aeng
_2eng
084 _qCRL
100 _aWilliams
_9911355
245 4 _aThe Powers Metaphysic
260 _bOUPOxford University Press
_c2019
856 _uhttp://dx.doi.org/10.1093/oso/9780198833574.001.0001
942 _cEBOOK
999 _c1503254
_d1503254